000 00781nam a2200265Ia 4500
001 54461
003 125098
005 20260211114211.0
008 ||||||n9999 ||| || ||
041 _aspa
100 _aRodriguez Cuadra, Guido Leonel
_975318
245 0 _aControl interno Recetor Casanare
260 _aBogotá :
_bEscuela Superior de Administración Pública - ESAP,
_c1997.
300 _a170h
562 _e1
650 0 _aAdministración municipal
_92520
650 0 _aANÁLISIS ADMINISTRATIVO
_94467
650 _aASESORIAS
_912555
650 0 _aCONTROL INTERNO
_912480
650 0 _aInforme final
_98967
650 _aRECETOR, CASANARE (COLOMBIA)
_975319
650 0 _aTesis y disertaciones académicas
_93
650 _y1997
_975321
942 _cTESIS
999 _c54461
_d54461